| 000 | 00750nam a22001577a 4500 | ||
|---|---|---|---|
| 003 | OSt | ||
| 005 | 20151028160518.0 | ||
| 008 | 151028b xxu||||| |||| 00| 0 eng d | ||
| 040 | _cRUA | ||
| 082 | _aAGR SEN 2006 B033 Or.1 | ||
| 100 |
_93047 _aSENG SATHIA |
||
| 245 | _aEffect of mulching on mustard green yield under crop station condition of royal university of agriculture, (ឥទ្ធិពលគំរបដីទៅលើទិន្នផលដំណាំស្ពៃខៀវ ក្នុងលក្ខខណ្ឌ ស្ថានីយ៍ដំណំានៃសាកលវិទ្យាល័យភូមិន្ទកសកម្ម) | ||
| 260 |
_aPhnom Penh _bRUA _c2006 |
||
| 300 |
_axvi; 56p. _bill. _c29cm. |
||
| 942 |
_2ddc _cAGR |
||
| 999 |
_c2841 _d2841 |
||